| 000 | 00864cam a2200301 4500 | ||
|---|---|---|---|
| 001 | J352 | ||
| 008 | 090401t1990 xxu||||| |||| 00| 0 eng d | ||
| 035 | _a(Sirsi) u74525 | ||
| 041 | _aeng | ||
| 050 | _a306.1 | ||
| 100 | _aHolmans, A.E. | ||
| 245 | _aHouse prices: changes through time at national and sub-national level. | ||
| 260 |
_aLondon _bDepartment of the Environment _c1990 |
||
| 300 | _a292p. ; 30cm. | ||
| 350 | _a2.5 | ||
| 490 |
_aGovernment Economic Service Working Paper _v110 |
||
| 650 | _aFRANCE | ||
| 650 | _aGERMANY | ||
| 650 | _aHOUSE PRICES | ||
| 650 | _aITALY | ||
| 650 | _aNETHERLANDS | ||
| 650 | _aSWEDEN | ||
| 650 | _aUNITED STATES OF AMERICA | ||
| 690 | _aPROPERTY-RESIDENTIAL PROPERTY-RESIDENTIAL PROPERTY MARKET | ||
| 710 |
_aUnited Kingdom _bDepartment of the Environment _9982 |
||
| 942 | _n0 | ||
| 948 | _c04/03/1997 | ||
| 999 |
_c95873 _d95873 |
||